Biblioteca

The campaign in Santo Domingo (Registro nro. 70845)

Detalles MARC
000 -LÍDER
Campo fijo de descripción fija 01127nab a2200217 i 4500
001 - NÚMERO DE CONTROL
Campo de control 768714001
003 - IDENTIFICADOR DEL NÚMERO DE CONTROL
Campo de control CO-MdFUSB
005 - FECHA Y HORA DE LA ULTIMA TRANSACCIÓN
control field 20240814165529.0
008 - ELEMENTOS DE LONGITUD FIJA -- INFORMACIÓN GENERAL
Campo fijo de descripción fija -- Información general 240814t1923 cr ||||| |||| 00| 0 eng d
040 ## - FUENTE DE CATALOGACIÓN
Idioma de catalogación spa
Agencia que realiza la transcripción CO-MdFUSB
Agencia que realiza la modificación CO-MdFUSB
041 ## - CÓDIGO DE IDIOMA
Código de idioma para texto/pista de sonido o título separado eng
245 #4 - TÍTULO
Título The campaign in Santo Domingo
520 ## - NOTA DE RESUMEN, ETC.
Nota de sumario, etc. Situadas entre Cuba y Puerto Rico, la República de Haití y la República Dominicana conviven en una isla situada al sureste de Cuba.Ubicada en la mitad oriental, la República Dominicana es también la isla más grande. Las iglesias evangélicas de Puerto Rico, que son vecinas cercanas del país, han optado por participar en los esfuerzos de evangelización junto con Strachan, y sus propias iglesias emplean a algunos de sus predicadores expertos como representantes.
546 ## - NOTA DE IDIOMA
Nota de idioma Texto en inglés.
650 #0 - ASIENTO SECUNDARIO DE MATERIA - TERMINO TEMÁTICO
Término temático o nombre geográfico como elemento de entrada Misiones
9 (RLIN) 154
650 #0 - ASIENTO SECUNDARIO DE MATERIA - TERMINO TEMÁTICO
Término temático o nombre geográfico como elemento de entrada Evangelización
9 (RLIN) 362
650 #0 - ASIENTO SECUNDARIO DE MATERIA - TERMINO TEMÁTICO
Término temático o nombre geográfico como elemento de entrada Predicación
9 (RLIN) 54
773 0# - ASIENTO DE ITEM FUENTE
Biblionumber 70761
Itemnumber 82969
Otro identificador del ítem R2742
Título Latin America Mission
Número de control del registro (CO-MdFUSB)768714001
Parte(s) relacionada(s) / Volumen., número. (mes año), páginas Volumen 4, (número 1, 1924), página: 5
Enumeración y primera página página: 5
942 ## - TIPO DE MATERIAL (KOHA)
Tipo de Item KOHA Artículos de Revista
945 ## - INFORMACIÓN LOCAL DEL REGISTRO
Catalogador Catherine Arias Álvarez - Practicante SENA

No hay ítems disponibles.

Biblioteca FUSBC | Teléfono: (57+4) 349 88 10 Ext. 141| WhatsApp (+57) 3005338115 
E-mail: biblioteca@unisbc.edu.co | Calle 76 87-14 Robledo Palenque, Medellín, Colombia

Con tecnología Koha